| 000 | 00569nam a2200193Ia 4500 | ||
|---|---|---|---|
| 003 | GCL | ||
| 008 | 140319s9999 xx 000 0 ara d | ||
| 040 |
_aGCL / _cGCL |
||
| 082 | 0 | 4 |
_a620.030 _bا م |
| 100 | 1 | _aاحمد شفيق الخطيب | |
| 245 | 1 | 0 |
_aمعجم المصطلحات العلمية والفنية والهندسية / _cاحمد شفيق الخطيب |
| 260 |
_a[S.N] : _bمكتبة لبنان ، _c1993 |
||
| 300 | _a751 ص | ||
| 490 | _a | ||
| 650 | 0 | 4 | _aالهندسة |
| 650 | 0 | 4 | _aالعلوم |
| 650 | 0 | 4 | _aالفنون |
| 942 |
_2ddc _cBK |
||
| 999 |
_c54100 _d54100 |
||